Susana Solano (Registro nro. 320079)

Detalles MARC
000 -ENCABEZADO
Número de control [NR] 00995nam a22002657a 4500
005 - FECHA Y HORA DE LA ÚLTIMA TRANSACCIÓN
control field 20211026090640.0
008 - DE LONGITUD FIJA DE DATOS DE ELEMENTOS - INFORMACIÓN GENERAL
Elementos de longitud fija [NR] 211026s2007 sp ao||gr|||| 00| 0 spa d
020 ## - NUMERO INTERNACIONAL NORMALIZADO PARA LIBROS [R]
Número Internacional Normalizado del libro [NR] 9788425221804
040 ## - FUENTE DE CATALOGACION [NR]
Agencia de catalogación original [NR] CO-BoUCM
Idioma de catalogación [NR] spa
Quien Cataloga Deissy Garcia
Quien Clasifica Deissy Garcia
041 0# - CODIGO DE IDIOMA [R]
Código de idioma para texto/pista de sonido o título separado [R] Español
100 1# - ASIENTO PRINCIPAL--NOMBRE PERSONAL [NR]
ID Autoridad 150170
Nombre personal [NR] Llorente, Marta
245 10 - MENCION DE TITULO [NR]
Título [NR] Susana Solano
Parte restante del título [NR] proyectos = projects
Mención de responsabilidad, etc. [NR] Marta Llorente
246 30 - FORMA VARIANTE DEL TITULO [R]
Título propiamente dicho/forma breve del título [NR] Susana Solano
Parte restante del título [NR] projects
260 ## - PUBLICACION, DISTRIBUCION, ETC. (PIE DE IMPRENTA) [R]
Lugar de publicación, distribución, etc. [R] Barcelona
Nombre del editor, distribuidor, etc. [R] Gustavo Gili
Fecha de publicación, distribución, etc. [R] 2007
300 ## - DESCRIPCION FISICA [R]
Extensión [R] 179 páginas
Otros detalles físicos [NR] ilustraciones
504 ## - NOTA DE BIBLIOGRAFIA, ETC. [R]
Nota de bibliografía, etc. [NR] Incluye referencias bibliográficas
546 ## - NOTA DE IDIOMA [R]
Nota de idioma [NR] Texto en español e inglés
600 10 - ASIENTO SECUNDARIO DE MATERIA - NOMBRE PERSONAL [R]
Nombre personal [NR] Solano, Susana
Fechas asociadas con el nombre [NR] 1946-
Subdivisión de forma [R] Exposiciones
-- Catálogos
Subdivisión general [R] Trabajos escultóricos
9 (RLIN) 150172
650 #7 - ASIENTO SECUNDARIO DE MATERIA - TERMINO TEMATICO [R]
Término temático o nombre geográfico como elemento de entrada [NR] Escultoras españolas
9 (RLIN) 150173
650 #0 - ASIENTO SECUNDARIO DE MATERIA - TERMINO TEMATICO [R]
9 (RLIN) 150171
Término temático o nombre geográfico como elemento de entrada [NR] Escultura española
650 #0 - ASIENTO SECUNDARIO DE MATERIA - TERMINO TEMATICO [R]
Término temático o nombre geográfico como elemento de entrada [NR] Instalaciones (Arte)
Subdivisión de forma [R] Exposiciones
-- Catálogos
Subdivisión geográfica [R] España
9 (RLIN) 150174
710 2# - ASIENTO SECUNDARIO - NOMBRE CORPORATIVO [R]
Nombre corporativo o de jurisdicción como elemento de entrada [NR] Fundación ICO
9 (RLIN) 150175
942 ## - ELEMENTOS DE ENTRADA AGREGADOS (KOHA)
Sistema de clasificación DEWEY
Tema principal Arte
Tipo de ítem principal el descrito en 300a Libro
Edición 1
Clasificación 730.946
Parte restante de la signatura top. S684
Título oculto en OPAC No
Existencias
Signatura topográfica Código de barras Última vez visto Ejemplar Costo de reposición Price effective from Tipo de ítem Perdido Sistema de clasificación Dañado No prestable Tipo de ítem específico Suprimido Ubicación habitual Ubicación actual Localización Fecha de creación Forma de adquisición Costo
730.946 S684 100168521 06/12/2025 Ej.1 88000.00 26/10/2021 Libro   DEWEY     Libro   Claustro Claustro 2do piso 26/10/2021 Compra 88000.00